<The> Consequences of business activities implementation in the grey economy zone

Faktory, ktoré sú všeobecne vnímané ako priame či nepriame vplyvy na účasti jednotlivých subjektov v šedej ekonomike. Vnímanie šedej ekonomiky v prostredí SR a dôsledky vstupu podniku do šedej zóny v rámci jeho interného i externého prostredia.

Guardado en:
Detalles Bibliográficos
Autor principal: Šagátová, Slavka, 1975-
Formato: Capítulo de libro
Lenguaje:eslovaco
Materias:
Etiquetas: Agregar Etiqueta
Sin Etiquetas, Sea el primero en etiquetar este registro!

MARC

LEADER 00000nla a2200000 4500
001 0221179
005 20240524081152.9
041 0 |a slo 
044 |a SK 
245 1 0 |a <The> Consequences of business activities implementation in the grey economy zone  |c Slávka Šagátová 
520 |a Faktory, ktoré sú všeobecne vnímané ako priame či nepriame vplyvy na účasti jednotlivých subjektov v šedej ekonomike. Vnímanie šedej ekonomiky v prostredí SR a dôsledky vstupu podniku do šedej zóny v rámci jeho interného i externého prostredia. 
610 2 0 |a ekonomika tieňová 
610 2 0 |a neprístojnosti obchodné 
610 2 0 |a práca nelegálna 
610 2 0 |a únik daňový 
610 2 0 |a výkonnosť podniku 
610 2 0 |a prostredie podnikateľské 
100 1 |a Šagátová, Slavka, 1975-